000 00579nam a2200169Ia 4500
003 GCL
008 140319s9999 xx 000 0 ara d
040 _aGCL /
_cGCL
082 0 4 _a632.7
_bا ا
100 1 _aابراهيم سليمان عيسى
245 1 0 _aافات المخازن الحشرية والحيوانية وطرق مكافحتها فى مصر والدول العربية الاخرى /
_cابراهيم سليمان عيسى
300 _a366
490 _a100 قصة
_v0
650 0 4 _aالزراعة
650 0 4 _aالافات الحشرية
942 _2ddc
_cBK
999 _c43555
_d43555